000 00486nam a2200169Ia 4500
008 260520s2021 xx 000 0 und d
020 _a978-93-90862-63-4
041 _amar
082 _a910.68/ARO
100 _aआरोटे, सोमनाथ
245 _aपर्यटन भूगोल
250 _a1st ed
260 _aजळगाव
_bप्रशांत पब्लिकेशन
_c2021
300 _a136p.
500 _aCat No: 15070
650 _aGEOGRAPHY
999 _c1221877
_d1221877